| 000 | 00547nam a2200181 4500 | ||
|---|---|---|---|
| 005 | 20260306155826.0 | ||
| 008 | 260306b |||||||| |||| 00| 0 eng d | ||
| 020 | _a978-1-84971-166-1 | ||
| 040 |
_aNational Science Library _cNational Science Library |
||
| 080 |
_a333.95'16 _bQ10 |
||
| 245 |
_aSacred natural sites: _bConserving nature & culture |
||
| 260 |
_aNew York: _bRoutledge Taylor & Francis Group, _c2010 |
||
| 300 | _axxvi, 310p. | ||
| 650 | _aScience | ||
| 650 | _2Spirituality | ||
| 700 | _aVerschuuren, Bas (Ed.) | ||
| 942 |
_2udc _cBK |
||
| 999 |
_c67866 _d67866 |
||